Loading...
| Literature - British | 0 | 5 | 0 | 0 | 50 | 86 | 106.40 | 2 | 3 | 0.00 | 0.00 |
| Literature - World | 0 | 6 | 3 | 1 | 45 | 128 | 140.00 | 2 | 3 | 0.00 | 0.00 |
| Literature - American | 0 | 5 | 1 | 0 | 45 | 57 | 108.20 | 1 | 2 | 0.00 | 0.00 |
| Fine Arts - Painting and Sculpture | 0 | 4 | 1 | 0 | 35 | 83 | 102.75 | 0 | 1 | 0.00 | 0.00 |
| Literature - European | 0 | 3 | 0 | 0 | 30 | 84 | 106.00 | 0 | 3 | 0.00 | 0.00 |
| History - American | 0 | 2 | 0 | 0 | 20 | 122 | 125.00 | 0 | 0 | 0.00 | 0.00 |
| Philosophy | 0 | 2 | 1 | 0 | 15 | 99 | 107.50 | 0 | 0 | 0.00 | 0.00 |
| Other Academic | 0 | 1 | 0 | 0 | 10 | 140 | 140.00 | 0 | 0 | 0.00 | 0.00 |
| Fine Arts - Other | 0 | 1 | 0 | 1 | 10 | 129 | 129.00 | 0 | 0 | 0.00 | 0.00 |
| Geography | 0 | 1 | 0 | 1 | 10 | 139 | 139.00 | 0 | 0 | 0.00 | 0.00 |
| Science - Biology | 0 | 1 | 0 | 0 | 10 | 115 | 115.00 | 0 | 0 | 0.00 | 0.00 |
| Religion | 0 | 1 | 0 | 1 | 10 | 130 | 130.00 | 0 | 1 | 0.00 | 0.00 |
| Pop Culture | 0 | 1 | 0 | 0 | 10 | 88 | 88.00 | 0 | 0 | 0.00 | 0.00 |
| Social Science | 0 | 1 | 1 | 0 | 5 | 130 | 130.00 | 0 | 0 | 0.00 | 0.00 |
| History - World | 0 | 0 | 0 | 0 | 0 | 0.00 | 0 | 0 | 0.00 | 0.00 | |
| Fine Arts - Classical Music | 0 | 0 | 0 | 0 | 0 | 0.00 | 0 | 0 | 0.00 | 0.00 | |
| Mythology | 0 | 0 | 1 | 0 | -5 | 0.00 | 0 | 0 | 0.00 | 0.00 | |
| History - Other | 0 | 0 | 1 | 0 | -5 | 0.00 | 0 | 0 | 0.00 | 0.00 |